000 00515nam a22002057a 4500
999 _c1188
_d1188
003 OSt
005 20220427160500.0
008 150320b xxu||||| |||| 00| 0 eng d
020 _a9780323071543
040 _cDNLM
082 _aWR18 F57d 2011
_bW
100 _aFitzpatrick, James E.; Morelli, Joseph G.
_9501
245 _aDermatology Secrets Plus
250 _a4th ed
260 _aPhiladelphia;
_bMosby,
_c2011
300 _bxii,496p;
_c26cm
504 _aIndex
650 _2Dermatology
942 _2z
_cB_BANK